|
|
|
|
| LEADER |
00000cam a2200000 a 4500 |
| 001 |
3706-4 |
| 003 |
Ucuenca |
| 005 |
20230308172603.0 |
| 008 |
000000|1849 ||||||||r|||||||||||spa|| |
| 040 |
|
|
|b spa
|
| 041 |
0 |
|
|a spa
|
| 082 |
0 |
|
|a 808.5
|
| 100 |
1 |
|
|a Pérez de Anaya, Francisco
|9 14200
|
| 245 |
|
|
|a Lecciones y modelos de elocuencia forense
|c Francisco Pérez de Anaya
|h imp
|n tomo 4
|
| 264 |
|
|
|a Madrid
|b Imprenta de Don Baltasar González
|c 1849
|
| 300 |
|
|
|a XXXII, 364 páginas:
|c 21 cm
|
| 650 |
1 |
|
|a Elocuencia forense
|9 14201
|
| 650 |
1 |
|
|a Oratoria
|9 7094
|
| 852 |
|
|
|a UC-CDJBV
|f Compra
|l 1
|m Limitada
|p 00000000
|t 3706-4
|b 1
|d CDRC
|e CDRC
|g 808.5 ESTANTERIA CERRADA
|z 0000-00-00
|
| 942 |
|
|
|c BK
|
| 999 |
|
|
|c 40257
|d 40257
|